| 000 | 00436nam a2200181Ia 4500 | ||
|---|---|---|---|
| 008 | 210210b1910 xxu||||| |||| 00| 0 eng d | ||
| 041 | _aeng | ||
| 082 | _a826/164 | ||
| 100 | _aSAINTSBURY (G) | ||
| 245 | _aHistory of english literature | ||
| 260 |
_aLondon _bMacmillan & Co. Ltd. _c1910 |
||
| 650 | _aof | ||
| 650 | _aliterature | ||
| 650 | _aHistory | ||
| 650 | _aenglish | ||
| 690 | _aHistory of Literature | ||
| 906 | _a015712 | ||
| 999 |
_c135103 _d135103 |
||